00651nam a2200229 a 4500001001300000003000900013005001700022008004100039020002300080082001300103100002100116245001500137260004300152300000900195500003500204650001300239700002100252902000800273942000700281952011600288999001700404nice12345678IN_TiNIC20260116014927.0100923s1975 lona grp 000 0 eng  a023251299X c15000a230bECC aEcclestone, Alan aYes to God aLondon bDarton, Longman & Todd c1975 a133p aincludes index and biblioraphy aTheology1 aEcclestone, Alan bSRS cBK 001040708StackRoom-aHMIbHMId2010-09-23g150.00l0o230 ECCp11002228r2010-09-23v150.00w2010-09-23yBK c17574d17574